| 000 | 00435nam a2200193Ia 4500 | ||
|---|---|---|---|
| 005 | 20240823045644.0 | ||
| 008 | 240823s9999||||xx |||||||||||||| ||und|| | ||
| 020 | _a978-93-81075-43-2 | ||
| 041 | _aENGLISH | ||
| 082 | _A530 Q2 | ||
| 100 | _aAshutosh Asthana | ||
| 245 | 0 | _aEngineering Physics | |
| 250 | _a1st | ||
| 260 |
_c2012 _bBSP Publica |
||
| 500 | _aYES | ||
| 650 |
_aPhysics _bPhysics |
||
| 942 | _cBK | ||
| 999 |
_c215460 _d215460 |
||